000 00505nam a2200181Ia 4500
001 7772
005 20260306160520.0
008 260306t2011||||xx |||||||||||||| ||spa||
041 _aESP
082 _a361.8
_bY94
100 _aYunus, Muhammad
_eAUT
245 0 _aLas empresas sociales:
_buna nueva dimensión del capitalismo para atender las necesidades más acuciantes de la humanidad
260 _c2011
300 _a253 páginas :
_c
650 _aGEN
654 _aCAN
942 _cLIB
_dJUS
_fJUS
_2ddc
_n
999 _c7772
_d7772